00488nam a2200193 a 4500001001300000003000900013005001700022008004100039020002300080082001300103100002000116245004100136260003400177300001000211500003500221505001000256650000800266700002000274nice12345678IN_TiNIC20260116014403.0130930s2009 lona grp 000 0 eng  a9780099506232c47500a128bMOR aMorris, Desmond aNaked Manb A Study of the Male Body aLondon bVintage Books c2009 a280p  aincludes index and biblioraphy2 aIndex aMan1 aMorris, Desmond